Southville International School and Colleges
Your cart is empty.
  • Cart
  • Lists
    Public lists Eva Luna New books Lux_list list_1
    Your lists Log in to create your own lists
  • Log in to your account
  • Your cookies
  • Search history
Southville International School and Colleges
  • Advanced search
  • Recent comments
  • Most popular
  • Libraries

Log in to your account

Log in with GOOGLE


If you do not have an external account, but do have a local account, you can still log in:

  1. Home
  2. MARC view: The book of giving :
Normal view MARC view ISBD view

The book of giving : (Record no. 104210)

[ view plain ]
MARC details
000 -LEADER
fixed length control field 00746nam a2200205 a 4500
005 - DATE AND TIME OF LATEST TRANSACTION
control field 20140412111316.0
008 - FIXED-LENGTH DATA ELEMENTS--GENERAL INFORMATION
fixed length control field 030415s19uu xx 00 eng d
020 ## - INTERNATIONAL STANDARD BOOK NUMBER
International Standard Book Number 0-525-45409-8
050 ## - LIBRARY OF CONGRESS CALL NUMBER
Classification number M 808.81
Item number Bo66 1995
245 ## - TITLE STATEMENT
Title The book of giving :
Remainder of title poems of thanks, praise, and celebration /
Statement of responsibility, etc collected and illustrated by Kay Chorao.
260 ## - PUBLICATION, DISTRIBUTION, ETC. (IMPRINT)
Place of publication, distribution, etc New York :
Name of publisher, distributor, etc Dutton Children's Book,
Date of publication, distribution, etc 1995.
300 ## - PHYSICAL DESCRIPTION
Extent 56 p. ; ill.
520 ## - SUMMARY, ETC.
Summary, etc A collection of poems celebrating the act of giving and the joy of receiving.
650 ## - SUBJECT ADDED ENTRY--TOPICAL TERM
Topical term or geographic name as entry element Generosity--Juvenile poetry
650 ## - SUBJECT ADDED ENTRY--TOPICAL TERM
Topical term or geographic name as entry element Children's poetry, American
650 ## - SUBJECT ADDED ENTRY--TOPICAL TERM
Topical term or geographic name as entry element Children's poetry, English
650 ## - SUBJECT ADDED ENTRY--TOPICAL TERM
Topical term or geographic name as entry element Gratitude--Juvenile poetry
650 ## - SUBJECT ADDED ENTRY--TOPICAL TERM
Topical term or geographic name as entry element Praise--Juvenile poetry
Holdings
Withdrawn status Lost status Damaged status Use restrictions Home library Current library Shelving location Date acquired Source of acquisition Total Checkouts Full call number Barcode Date last seen Price effective from Koha item type
        Elizalde Library Elizalde Library Main Section 04/15/2003     M 808.81 Bo66 1995 E7016 04/12/2014 04/12/2014 Books

The book of giving :

APA

(1995). The book of giving. New York: Dutton Children's Book.

Chicago

1995. The book of giving. New York: Dutton Children's Book.

Harvard

(1995). The book of giving. New York: Dutton Children's Book.

MLA

The book of giving. New York: Dutton Children's Book. 1995.

  • Place hold
  • Print
  • Cite
  • Add to your cart (remove)
  • Save record
    BIBTEX Dublin Core MARCXML MARC (non-Unicode/MARC-8) MARC (Unicode/UTF-8) MARC (Unicode/UTF-8, Standard) MODS (XML) RIS
  • More searches
    Search for this title in:
    Other Libraries (WorldCat) Other Databases (Google Scholar) Online Stores (Bookfinder.com) Open Library (openlibrary.org)

Exporting to Dublin Core...

SOUTHVILLE LIBRARY

Southville International School and Colleges Library

1281 Tropical Ave. Cor. Luxembourg St., BF Homes International, Las Pinas City

Tel. No. 8256374 / 252358 Loc. 117/146

Powered by Koha